| 000 | 00718pam a2200241 4500 | ||
|---|---|---|---|
| 008 | |||
| 020 | _a0805344233 (pbk.) | ||
| 049 | _aMAIN | ||
| 090 |
_aQC670.15 _bINA |
||
| 100 | 1 | _aInan, Umran S. | |
| 245 | 1 | 0 |
_aEngineering electromagnetics / _cUmran S. Inan and Aziz S. Inan. |
| 260 |
_aMenlow Park : _bAddison Wesley Longman, _c1999. |
||
| 300 |
_axx, 776 p. : _bill. ; _c24 cm. |
||
| 500 | _aIncludes index. | ||
| 504 | _aIncludes bibliographical references. | ||
| 650 | 0 | _aElectromagnetic theory. | |
| 700 | _aInan, Aziz S. | ||
| 907 |
_a.b10317399 _b05-03-13 _c04-09-12 |
||
| 003 | |||
| 005 | 20230123125444.0 | ||
| 040 | _cNUST | ||
| 942 |
_cBOOKS _kQC670.15 _mINA |
||
| 999 |
_c141797 _d141797 |
||